Представление документа в формате MARC21

Поле Инд. ПП Название Значение
Тип записи a
Библиографический уровень m
001 Контрольный номер 7939ef23-2756-4539-9465-d419470a26cb
005 Дата корректировки 20140703122937.7
008 Кодируемые данные 031110
020 a ISBN 5-85009-799-6
c Цена, тираж 116.60
040 a Служба первич. каталог. НБ ТвГУ
041 a Код языка текста rus
080 a Индекс УДК 61:796
a Индекс УДК 615.2/.3:796
084 a Индекс другой классификации/Индекс ББК Ч510.9
a Индекс другой классификации/Индекс ББК Р281
090 x Авторский знак М15
a Полочн. индекс Ч510.9
100 1_ a Автор Макарова Галина Александровна
245 00 a Заглавие Фармакологическое обеспечение в системе подготовки спортсменов
c Ответственность Г. А. Макарова
260 0_ a Место издания Москва
b Издательство Советский спорт
c Дата издания 2003
300 a Объем 155,[2] с.
b Иллюстрации/ тип воспроизводства табл.
504 a Библиография Библиогр.: с.142-155.
583 a Действие Получение впервые 257 06.11.2003
k Исполнитель действия ООО "Кроун"
650 a Основная рубрика Спортивная медицина
x Основная подрубрика Лекарственные средства
650 a Основная рубрика Спортсмены
x Основная подрубрика Фармакологическое обеспечение
650 a Основная рубрика Фармакология
653 a Ключевые слова Спортивная медицина
a Ключевые слова Фармакология
a Ключевые слова Лекарственные средства
a Ключевые слова Фармакологическое обеспечение спортсменов
852 t Порядковый номер экземпляра 9
p Инвентарный номер 770753
p Инвентарный номер 770754
p Инвентарный номер 770755
p Инвентарный номер 770756
p Инвентарный номер 770757
p Инвентарный номер 770758
p Инвентарный номер 770759
p Инвентарный номер 770760
p Инвентарный номер 770761
888 a За счет средств университета
952 p 257.2003 116.60 1 770753
p 257.2003 116.60 1 770754
p 257.2003 116.60 1 770755
p 257.2003 116.60 1 770756
p 257.2003 116.60 1 770757
p 257.2003 116.60 1 770758
p 257.2003 116.60 1 770759
p 257.2003 116.60 1 770760
p 257.2003 116.60 1 770761
c Вид литературы К рн
954 a Дата поступления на обработку 20031118
999 a Подразделение 2 Фил2